All Metropolitan Areas in Missouri - Statistics

General Stats
  • This quiz has been taken 20 times
  • The average score is 9 of 25
Answer Stats
Population Answer % Correct
2,253,579 Kansas City
100%
2,811,927 St. Louis
100%
151,523 Jefferson City
82%
496,975 Springfield
82%
56,744 Branson
73%
219,426 Columbia
73%
207,131 Joplin
73%
119,124 St. Joseph
73%
98,862 Cape Girardeau
45%
29,729 Kirksville
45%
38,924 Hannibal
36%
41,814 Poplar Bluff
18%
45,672 Rolla
18%
43,791 Sedalia
18%
67,503 Farmington
9%
53,964 Fort Leonard Wood
9%
36,738 Lebanon
9%
24,304 Mexico
9%
49,707 Sikeston
9%
40,762 West Plains
9%
27,002 Kennett
0%
23,325 Marshall
0%
20,503 Maryville
0%
24,077 Moberly
0%
55,880 Warrensburg
0%
No matching quizzes found
Score Distribution
Percent of People with Each Score
Percentile by Number Answered
Your Score History
You have not taken this quiz